[Event "22nd Honor to National Resistance"]
[Site "Nikaia"]
[Date "2014.08.29"]
[Round "4.15"]
[White "Tsiros, Fragkiskos Vlasios"]
[Black "Koerant, Filipos"]
[Result "1/2-1/2"]
[WhiteElo "2108"]
[BlackElo "1923"]
[PlyCount "141"]
[EventDate "2014.08.26"]

1. e4 c5 2. Nf3 a6 3. Nc3 b5 4. d4 e6 5. Be3 Qc7 6. d5 Bb7 7. g3 Nf6 8. Bf4 Qa5
9. Nd2 b4 10. Nc4 Qd8 11. Na4 exd5 12. Ncb6 dxe4 13. Nxa8 Bxa8 14. Bg2 d5 15.
f3 Bd6 16. Bxd6 Qxd6 17. fxe4 O-O 18. O-O Bc6 19. Re1 Nbd7 20. c3 c4 21. exd5
Nxd5 22. cxb4 Qxb4 23. Bxd5 Bxa4 24. Qd4 Nb6 25. b3 Nxd5 26. bxa4 Nc7 27. Rac1
Ne6 28. Qxc4 Qb6+ 29. Kh1 h6 30. Qc6 Qf2 31. Qg2 Qd4 32. Re4 Qd5 33. Rec4 Qa5
34. Rc8 Qxa4 35. Rxf8+ Nxf8 36. Qc2 Qa3 37. Rf1 Qa5 38. Rf5 Qe1+ 39. Kg2 Qe6
40. Rc5 Qd7 41. h4 Qb7+ 42. Kh2 g6 43. Rc8 Qe7 44. Qc4 Qe1 45. Qc2 h5 46. Kg2
Qe7 47. Qc5 Qe2+ 48. Qf2 Qe7 49. Kh2 Kh7 50. Ra8 Nd7 51. Rxa6 Ne5 52. Ra4 Qd7
53. Qf4 Ng4+ 54. Kh3 Qb7 55. Re4 Qd7 56. Kg2 Qd5 57. Qf3 Qxa2+ 58. Re2 Qc4 59.
Re4 Qd5 60. Re7 Qd2+ 61. Qe2 Qd5+ 62. Qf3 Qa2+ 63. Qe2 Qb3 64. Qf3 Qc2+ 65. Qe2
Qc6+ 66. Qf3 Qc2+ 67. Qe2 Qc6+ 68. Qf3 Qc2+ 69. Qe2 Qf5 70. Qf3 Qc2+ 71. Re2
1/2-1/2

[Event "22nd Honor to National Resistance"]
[Site "Nikaia"]
[Date "2014.08.29"]
[Round "4.16"]
[White "Pappelis, Dimitrios"]
[Black "Mitsis, Georgios"]
[Result "1/2-1/2"]
[WhiteElo "2073"]
[BlackElo "1897"]
[PlyCount "57"]
[EventDate "2014.08.26"]

1. d4 Nf6 2. Nf3 e6 3. g3 b6 4. Bg2 Bb7 5. O-O Be7 6. c4 O-O 7. Nc3 d6 8. Re1
Nbd7 9. e4 e5 10. d5 a5 11. Nh4 g6 12. Bh6 Re8 13. a3 Nh5 14. Nf3 Bf8 15. Bxf8
Rxf8 16. b4 axb4 17. axb4 Qe7 18. Qd2 Rfc8 19. Bh3 Nhf6 20. Qg5 Qe8 21. Kg2 Kh8
22. Qh4 Kg7 23. Nb5 Ba6 24. Nd2 h6 25. f4 Qe7 26. Bxd7 Qxd7 27. Nc3 Qe7 28. Qh3
Rcb8 29. f5 1/2-1/2

[Event "22nd Honor to National Resistance"]
[Site "Nikaia"]
[Date "2014.08.29"]
[Round "4.17"]
[White "Siamidis, Dimitrios"]
[Black "Kalogridakis, Theodoros"]
[Result "1-0"]
[WhiteElo "2065"]
[BlackElo "1843"]
[PlyCount "71"]
[EventDate "2014.08.26"]

1. Nf3 Nf6 2. b3 d5 3. Bb2 c5 4. e3 e6 5. Bb5+ Bd7 6. Bxd7+ Nbxd7 7. O-O Bd6 8.
d3 O-O 9. Nbd2 Rc8 10. Qe2 Be7 11. Rad1 b5 12. c4 a6 13. Rfe1 bxc4 14. dxc4 Qc7
15. Nf1 Nb6 16. Ng3 dxc4 17. bxc4 Rfd8 18. Rb1 Qc6 19. Ba1 Rb8 20. e4 Qa4 21.
Rbc1 Rb7 22. Ne5 Nfd7 23. Ng4 Bg5 24. Rc2 Be7 25. Nh5 e5 26. Nxe5 Nxe5 27. Bxe5
f6 28. Qg4 Bf8 29. Nxf6+ Kh8 30. Qh4 h6 31. Ng4 Qxc2 32. Qxd8 Rf7 33. Qxb6 h5
34. Qh6+ Kg8 35. Qxh5 Qxc4 36. Qg6 1-0

[Event "22nd Honor to National Resistance"]
[Site "Nikaia"]
[Date "2014.08.29"]
[Round "4.18"]
[White "Korlotsidis, Spiridon"]
[Black "Spyropoulos, Nikolaos"]
[Result "0-1"]
[WhiteElo "2048"]
[BlackElo "1594"]
[PlyCount "118"]
[EventDate "2014.08.26"]

1. Nf3 Nf6 2. g3 d5 3. Bg2 e6 4. b3 Bd6 5. Bb2 Nbd7 6. d3 O-O 7. O-O b6 8. Nbd2
Bb7 9. a3 Re8 10. Qe1 e5 11. e4 dxe4 12. dxe4 Nc5 13. Nh4 Ba6 14. Nc4 Bxc4 15.
bxc4 Qd7 16. Rd1 Qa4 17. Qe2 Qc6 18. Nf5 Na4 19. Bc1 Nc3 20. Qf3 Nxd1 21. Nxg7
Bf8 22. Nxe8 Nxe8 23. Qg4+ Qg6 24. Qxd1 Qd6 25. Qg4+ Qg6 26. Qe2 Nd6 27. f4 Qe6
28. Bb2 Nxc4 29. f5 Qc6 30. Qg4+ Kh8 31. Bc1 Nxa3 32. f6 Nxc2 33. Qh5 Qc4 34.
Qxe5 Qd4+ 35. Qxd4 Nxd4 36. Kh1 a5 37. Bb2 c5 38. e5 Re8 39. Re1 Bd6 40. Rb1
Rxe5 41. Bxd4 cxd4 42. Bc6 Bc5 43. Bd7 Re2 44. Rd1 Rf2 45. g4 Rxf6 46. Rd3 Rd6
47. Bf5 Kg7 48. Rh3 h6 49. Kg2 b5 50. Bd3 b4 51. Rh5 Rc6 52. Kf3 b3 53. g5 hxg5
54. Rxg5+ Kf8 55. h4 b2 56. h5 Bb4 57. Rg1 Rc1 58. Kf2 Rxg1 59. Kxg1 Kg7 0-1

[Event "22nd Honor to National Resistance"]
[Site "Nikaia"]
[Date "2014.08.29"]
[Round "4.19"]
[White "Kalofonos, Panayotis"]
[Black "Sienczewski, Zbigniew"]
[Result "1/2-1/2"]
[WhiteElo "1843"]
[BlackElo "2040"]
[PlyCount "23"]
[EventDate "2014.08.26"]

1. e4 d6 2. d4 Nf6 3. Nc3 g6 4. f4 Bg7 5. Nf3 O-O 6. Bd3 Na6 7. O-O c5 8. d5
Nb4 9. Bc4 e6 10. dxe6 Bxe6 11. Bxe6 fxe6 12. a3 1/2-1/2

[Event "22nd Honor to National Resistance"]
[Site "Nikaia"]
[Date "2014.08.29"]
[Round "4.20"]
[White "Alexiadis, Hristos"]
[Black "Halikias, Stefanos"]
[Result "1-0"]
[WhiteElo "2020"]
[BlackElo "1587"]
[PlyCount "91"]
[EventDate "2014.08.26"]

1. e4 d5 2. exd5 Qxd5 3. Nf3 Nf6 4. Be2 a6 5. O-O b5 6. Nc3 Qd6 7. d4 Bb7 8.
Bg5 Nbd7 9. Bh4 e6 10. Bg3 Qb6 11. a4 b4 12. a5 Qa7 13. Na2 Rc8 14. Qe1 Nd5 15.
Ne5 Qxd4 16. Nxd7 Kxd7 17. c3 bxc3 18. bxc3 Qc5 19. Rb1 Qa7 20. c4 Nf6 21. Qd1+
Ke8 22. Qa4+ Nd7 23. c5 Bxc5 24. Rfd1 Bd5 25. Nb4 Bxb4 26. Qxb4 Nf6 27. Qa4+ c6
28. Rb6 Ne4 29. Bxa6 Nc5 30. Qd4 Nxa6 31. Qxg7 Ke7 32. Rxd5 exd5 33. Qe5+ Kd7
34. Qf5+ Ke7 35. Bh4+ Kd6 36. Qf6+ Kc5 37. Bg3 Kc4 38. Qb2 Rhe8 39. Qc2+ Kd4
40. Qa4+ Kc5 41. Qc2+ Kd4 42. Qd2+ Kc4 43. Rb1 d4 44. Qa2+ Kd3 45. Qb3+ Ke4 46.
Qf3# 1-0

[Event "22nd Honor to National Resistance"]
[Site "Nikaia"]
[Date "2014.08.29"]
[Round "4.21"]
[White "Nikolaidou, Eleni"]
[Black "Tsomis, Dimitrios"]
[Result "1-0"]
[WhiteElo "1825"]
[BlackElo "1987"]
[PlyCount "89"]
[EventDate "2014.08.26"]

1. d4 Nf6 2. c4 g6 3. Nc3 Bg7 4. e4 O-O 5. Be2 d6 6. f4 c5 7. d5 a6 8. Nf3 b5
9. Bd3 Nbd7 10. O-O Rb8 11. Rb1 Qc7 12. b3 bxc4 13. Bxc4 Nb6 14. Qd3 Nfd7 15.
Bd2 Nxc4 16. bxc4 Nb6 17. Rfe1 Bg4 18. Rf1 h6 19. h3 Bxf3 20. Rxf3 Nd7 21. Rxb8
Rxb8 22. Ne2 Rb2 23. a3 Qb7 24. Kh2 h5 25. Nc1 Rb1 26. Nb3 Rb2 27. Na5 Qc7 28.
Nc6 Nb6 29. Bc1 Ra2 30. Qb1 Ra1 31. Qc2 Nc8 32. Bd2 Kh7 33. Na5 Nb6 34. f5 Be5+
35. g3 h4 36. fxg6+ fxg6 37. Nc6 hxg3+ 38. Kg2 Nc8 39. Bc3 Bxc3 40. Qxc3 Ra2+
41. Kxg3 Kg8 42. Qb3 Ra1 43. Qb2 Re1 44. Qf2 Rxe4 45. Rf8+ 1-0

[Event "22nd Honor to National Resistance"]
[Site "Nikaia"]
[Date "2014.08.29"]
[Round "4.22"]
[White "Alexakis, Georgios"]
[Black "Vazelakis, Dimitrios"]
[Result "1-0"]
[WhiteElo "1802"]
[BlackElo "1985"]
[PlyCount "95"]
[EventDate "2014.08.26"]

1. e4 g6 2. d4 Bg7 3. c4 d6 4. Nc3 Nf6 5. f3 O-O 6. Be3 a6 7. Qd2 Nbd7 8. Bd3
c5 9. d5 Ne5 10. h3 b5 11. cxb5 Nxd3+ 12. Qxd3 axb5 13. Qxb5 Ba6 14. Qb3 Qa5
15. Bd2 Rfb8 16. Qc2 Qb4 17. Rb1 e6 18. Nge2 Qb7 19. dxe6 fxe6 20. e5 dxe5 21.
Be3 Nd5 22. Bxc5 Bh6 23. b4 Bxe2 24. Nxe2 Qa6 25. Rb2 Ne3 26. Qb3 Nxg2+ 27. Kf2
Nh4 28. Rd1 Bf8 29. Qc3 Qb5 30. Rc2 Bxc5+ 31. bxc5 Rf8 32. Ng1 Nxf3 33. Nxf3 e4
34. Qe5 Rxf3+ 35. Kg2 Qa4 36. Qxe6+ Rf7 37. Rf2 Qe8 38. Qd5 Raa7 39. Rdf1 e3
40. Rxf7 Rxf7 41. Qxf7+ Qxf7 42. Rxf7 Kxf7 43. a4 Ke6 44. a5 Kd7 45. a6 Kc7 46.
Kf3 Kb8 47. c6 Ka7 48. c7 1-0

[Event "22nd Honor to National Resistance"]
[Site "Nikaia"]
[Date "2014.08.29"]
[Round "4.23"]
[White "Mourogiannis, Konstantinos"]
[Black "Kouskoutis, Georgios-Alexandros"]
[Result "0-1"]
[WhiteElo "1578"]
[BlackElo "1981"]
[PlyCount "70"]
[EventDate "2014.08.26"]

1. d4 Nf6 2. c4 e6 3. Nf3 c5 4. g3 cxd4 5. Nxd4 d5 6. Bg2 e5 7. Nf3 d4 8. O-O
Nc6 9. Nbd2 Be7 10. a3 a5 11. b3 O-O 12. Qc2 Ne8 13. Ne1 Nd6 14. Nd3 Bf5 15. f3
Rc8 16. Qb2 Re8 17. Ne4 Nxe4 18. fxe4 Be6 19. Bd2 b6 20. Rfc1 Bg5 21. b4 Bxd2
22. Qxd2 axb4 23. axb4 Qc7 24. c5 Ra8 25. b5 Na5 26. cxb6 Qxb6 27. Qb4 Bd7 28.
Rab1 Rab8 29. Rb2 f6 30. Rcb1 Nb7 31. Bf1 Kf7 32. Qa3 Nd6 33. Qa6 Nxe4 34. Bg2
Nc3 35. Rc1 Qxa6 0-1

[Event "22nd Honor to National Resistance"]
[Site "Nikaia"]
[Date "2014.08.29"]
[Round "4.24"]
[White "Kolytas, Spiridon"]
[Black "Grigoriadis, Mihail"]
[Result "0-1"]
[WhiteElo "1540"]
[BlackElo "1981"]
[PlyCount "102"]
[EventDate "2014.08.26"]

1. d4 Nf6 2. c4 g6 3. Nc3 d5 4. cxd5 Nxd5 5. Bd2 Bg7 6. e4 Nxc3 7. Bxc3 c5 8.
d5 O-O 9. Nf3 e6 10. Bc4 Bxc3+ 11. bxc3 Qa5 12. Qb3 b5 13. Bxb5 exd5 14. O-O
dxe4 15. Ng5 Nd7 16. Bxd7 Bxd7 17. Nxe4 Be6 18. Qc2 Rfd8 19. Rfd1 Rxd1+ 20.
Qxd1 Rd8 21. Qe2 Kg7 22. Qe3 c4 23. Re1 Rd3 24. Qf4 Qf5 25. Qc1 Bd5 26. Ng3 Qf6
27. Re3 Qc6 28. Rxd3 cxd3 29. Qd2 Qb5 30. Nf1 a5 31. a3 h5 32. h3 Qb1 33. Qe3
f6 34. Qa7+ Bf7 35. Qe3 d2 36. Qxd2 Bc4 37. Qd7+ Kh6 38. Qd2+ g5 39. Qd4 Qxf1+
40. Kh2 Kg6 41. Qe4+ Kg7 42. Qb7+ Bf7 43. Qb6 a4 44. Qd4 Qc4 45. Qd2 Qc5 46.
Qb2 Bd5 47. f3 Bc6 48. Qb4 Qxb4 49. cxb4 Kf7 50. Kg3 h4+ 51. Kg4 Kg6 0-1

[Event "22nd Honor to National Resistance"]
[Site "Nikaia"]
[Date "2014.08.29"]
[Round "4.25"]
[White "Giannoulakis, Labros"]
[Black "Ntelis, Polizois"]
[Result "1-0"]
[WhiteElo "1970"]
[BlackElo "1523"]
[PlyCount "63"]
[EventDate "2014.08.26"]

1. d4 Nf6 2. c4 g6 3. Nc3 Bg7 4. e4 d6 5. Nge2 O-O 6. Ng3 e5 7. d5 a5 8. Be2
Na6 9. h4 h6 10. h5 g5 11. Be3 Nc5 12. Qd2 Nfxe4 13. Ngxe4 Nxe4 14. Nxe4 f5 15.
Nxg5 f4 16. Ne4 fxe3 17. Qxe3 Bf5 18. Bd3 a4 19. a3 Ra6 20. O-O-O Rb6 21. Bc2
Qd7 22. f3 Bh7 23. g4 Rf4 24. g5 hxg5 25. h6 Bh8 26. Rdg1 Kf8 27. Rxg5 Qf7 28.
Rh3 Bxe4 29. Bxe4 Rb3 30. Qe2 c6 31. Rhg3 cxd5 32. Bxd5 1-0

[Event "22nd Honor to National Resistance"]
[Site "Nikaia"]
[Date "2014.08.29"]
[Round "4.27"]
[White "Dimopoulos, Georgios"]
[Black "Kalogridakis, Georgios"]
[Result "0-1"]
[WhiteElo "1852"]
[BlackElo "2114"]
[PlyCount "52"]
[EventDate "2014.08.26"]

1. d4 Nf6 2. c4 e6 3. Nc3 Bb4 4. Nf3 b6 5. Bg5 h6 6. Bh4 g5 7. Bg3 Ne4 8. Qc2
f5 9. e3 d6 10. Bd3 Bxc3+ 11. bxc3 Bb7 12. d5 Na6 13. Bxe4 fxe4 14. Qxe4 Qf6
15. O-O O-O-O 16. Qg4 Kb8 17. a4 Nc5 18. Nd4 h5 19. Qd1 h4 20. a5 hxg3 21. axb6
cxb6 22. Qb1 Rxh2 23. fxg3 Qh6 24. Nf3 Rh1+ 25. Kf2 Rxf1+ 26. Qxf1 g4 0-1

[Event "22nd Honor to National Resistance"]
[Site "Nikaia"]
[Date "2014.08.29"]
[Round "4.28"]
[White "Nikolaou, Spiridon"]
[Black "Theotokatos, Dionisis"]
[Result "1/2-1/2"]
[WhiteElo "1821"]
[BlackElo "2086"]
[PlyCount "81"]
[EventDate "2014.08.26"]

1. Nf3 c5 2. c4 Nc6 3. Nc3 g6 4. e3 Nf6 5. d4 cxd4 6. exd4 d5 7. cxd5 Nxd5 8.
Bc4 Nxc3 9. Qb3 e6 10. bxc3 Bd6 11. O-O O-O 12. Bd3 b6 13. Bh6 Re8 14. Rfe1 Bb7
15. Ng5 Na5 16. Qd1 Qf6 17. Qg4 Qf4 18. Qxf4 Bxf4 19. Nxf7 Bxh2+ 20. Kxh2 Kxf7
21. Rac1 Rac8 22. Bf4 Bd5 23. Ba6 Bb7 24. Bxb7 Nxb7 25. c4 Na5 26. c5 bxc5 27.
dxc5 Nc6 28. Bd6 e5 29. Rb1 Kf6 30. Rb7 h5 31. Re4 g5 32. f3 Ke6 33. Rb3 Kf5
34. Rbe3 h4 35. Kh3 Re6 36. Rb3 Ree8 37. Rb7 Re6 38. Rg7 Rh6 39. Rb7 Rg6 40.
Rb3 Rcg8 41. Rg4 1/2-1/2

[Event "22nd Honor to National Resistance"]
[Site "Nikaia"]
[Date "2014.08.29"]
[Round "4.29"]
[White "Thomassin, Alexandre"]
[Black "Balokas, Dimitrios"]
[Result "0-1"]
[WhiteElo "1812"]
[BlackElo "2042"]
[PlyCount "98"]
[EventDate "2014.08.26"]

1. d4 Nf6 2. c4 e6 3. Nf3 Bb4+ 4. Bd2 Qe7 5. a3 Bxd2+ 6. Qxd2 O-O 7. e3 d6 8.
Be2 Nbd7 9. O-O a5 10. Nc3 b6 11. e4 e5 12. Qc2 exd4 13. Nxd4 Nc5 14. f3 a4 15.
Rad1 g6 16. Nd5 Nxd5 17. cxd5 Bd7 18. Rfe1 Rae8 19. Bc4 Qh4 20. g3 Qh5 21. Qf2
Re7 22. Bf1 Rfe8 23. Bc4 Qe5 24. h4 Qg7 25. Re2 Kh8 26. Rde1 Rb8 27. Nc6 Bxc6
28. dxc6 b5 29. Bd5 Rbe8 30. Rd1 f5 31. Rd4 Qf6 32. Qe3 Rf8 33. Rb4 fxe4 34.
Bxe4 Nxe4 35. Rxe4 Rxe4 36. Qxe4 Qxf3 37. Qxf3 Rxf3 38. Re8+ Kg7 39. Kg2 Rb3
40. Re7+ Kh6 41. Rxc7 Rxb2+ 42. Kh3 Rb3 43. Rd7 Rxa3 44. Rxd6 Rc3 45. h5 a3 46.
Kh4 a2 47. Rd1 Rxc6 48. hxg6 Kxg6 49. g4 Ra6 0-1

[Event "22nd Honor to National Resistance"]
[Site "Nikaia"]
[Date "2014.08.29"]
[Round "4.30"]
[White "Malamatas, Konstantinos"]
[Black "Roumeliotis, Angelos"]
[Result "1-0"]
[WhiteElo "1987"]
[BlackElo "1790"]
[PlyCount "57"]
[EventDate "2014.08.26"]

1. e4 e6 2. d4 b6 3. Nc3 Bb7 4. a3 Be7 5. Bd3 c5 6. Be3 cxd4 7. Bxd4 Bf6 8. e5
Be7 9. Qg4 Kf8 10. O-O-O f5 11. Qh3 Nc6 12. Nge2 Rc8 13. Kb1 Nh6 14. f3 Nxd4
15. Nxd4 Rxc3 16. bxc3 Qc7 17. Rhe1 a6 18. Kb2 Qc5 19. Ra1 Nf7 20. Nb3 Qc7 21.
f4 g6 22. g4 Kg7 23. gxf5 exf5 24. Bxf5 d5 25. Be6 Nd8 26. Nd4 Qc4 27. f5 Bg5
28. f6+ Kf8 29. Bd7 1-0

[Event "22nd Honor to National Resistance"]
[Site "Nikaia"]
[Date "2014.08.30"]
[Round "5.1"]
[White "Goumas, Georgios"]
[Black "Kotronias, Vasilios"]
[Result "0-1"]
[WhiteElo "2371"]
[BlackElo "2552"]
[PlyCount "136"]
[EventDate "2014.08.26"]

1. e4 c5 2. Nf3 d6 3. Bb5+ Nc6 4. O-O Bd7 5. Re1 Nf6 6. c3 a6 7. Bf1 Bg4 8. h3
Bxf3 9. Qxf3 e6 10. d3 d5 11. Nd2 Be7 12. exd5 Nxd5 13. a4 O-O 14. Nc4 b6 15.
Ne3 Nxe3 16. Bxe3 Qd7 17. Rad1 Bf6 18. Bf4 Ne7 19. Qe4 Nd5 20. Bg3 g6 21. Qc4
Rfc8 22. Be2 b5 23. axb5 axb5 24. Qb3 Ra6 25. Bf3 Ne7 26. Be5 Bxe5 27. Rxe5 Rd6
28. d4 cxd4 29. Qxb5 Qxb5 30. Rxb5 dxc3 31. bxc3 Rxd1+ 32. Bxd1 Rxc3 33. Rb1 g5
34. Bh5 Rc7 35. h4 gxh4 36. Rb4 Rc1+ 37. Kh2 Rf1 38. Rf4 Ng6 39. Be2 Re1 40.
Re4 Kg7 41. Bd3 Rd1 42. Bc4 Rd2 43. Kg1 e5 44. Bb3 Rb2 45. Rb4 Rb1+ 46. Kh2 Rf1
47. f3 Rb1 48. Rb7 Kh6 49. Bd5 Rxb7 50. Bxb7 Kg5 51. Bd5 f5 52. Bg8 h6 53. Bd5
Nf4 54. Bc6 Nh5 55. Kg1 Kf4 56. Kf2 Ng3 57. Bb7 e4 58. fxe4 fxe4 59. Bc6 Nf5
60. Bb7 Nd4 61. Ba8 e3+ 62. Ke1 Kg3 63. Bb7 h5 64. Ba8 h3 65. gxh3 h4 66. Be4
Kxh3 67. Bb7 Kg3 68. Be4 h3 0-1

[Event "22nd Honor to National Resistance"]
[Site "Nikaia"]
[Date "2014.08.30"]
[Round "5.2"]
[White "Kapnisis, Spyridon"]
[Black "Markantonaki, Haritomeni"]
[Result "1/2-1/2"]
[WhiteElo "2458"]
[BlackElo "2180"]
[PlyCount "41"]
[EventDate "2014.08.26"]

1. e4 c5 2. Nf3 e6 3. d4 cxd4 4. Nxd4 Nc6 5. Nc3 Qc7 6. Be3 a6 7. a3 b5 8. Nxc6
Qxc6 9. Qd4 Bb7 10. O-O-O Rc8 11. Bd3 Nf6 12. e5 Nd5 13. Be4 Qc7 14. Nxd5 Bxd5
15. Rd2 Bc5 16. Qxc5 Bxe4 17. Qxc7 Rxc7 18. Bb6 Rc6 19. Ba5 O-O 20. f3 Bd5 21.
c3 1/2-1/2

[Event "22nd Honor to National Resistance"]
[Site "Nikaia"]
[Date "2014.08.30"]
[Round "5.3"]
[White "Delithanasis, Dimitrios"]
[Black "Tsolakidou, Stavroula"]
[Result "1/2-1/2"]
[WhiteElo "2095"]
[BlackElo "2240"]
[PlyCount "31"]
[EventDate "2014.08.26"]

1. d4 Nf6 2. c4 e6 3. Nc3 Bb4 4. e3 c5 5. Nge2 b6 6. a3 Ba5 7. Rb1 Na6 8. g3
Bb7 9. d5 b5 10. Bg2 exd5 11. O-O bxc4 12. Nxd5 Bc6 13. e4 Ng4 14. Bf4 d6 15.
Nec3 h5 16. Qe2 1/2-1/2

[Event "22nd Honor to National Resistance"]
[Site "Nikaia"]
[Date "2014.08.30"]
[Round "5.4"]
[White "Koutoukidis, Panagiotis"]
[Black "Gkikas, Hristos"]
[Result "1/2-1/2"]
[WhiteElo "2190"]
[BlackElo "1907"]
[PlyCount "85"]
[EventDate "2014.08.26"]

1. e4 e5 2. Nf3 Nc6 3. Bc4 Bc5 4. O-O Nf6 5. d3 h6 6. c3 O-O 7. b4 Bb6 8. b5
Na5 9. Nxe5 d6 10. Nxf7 Rxf7 11. Bxf7+ Kxf7 12. d4 Qe8 13. Nd2 Qxb5 14. f4 Bg4
15. Qe1 Re8 16. h3 Be2 17. Rf2 Bd3 18. e5 Nc6 19. Nf3 Qc4 20. Bb2 Ne4 21. Nd2
Nxd2 22. Qxd2 dxe5 23. fxe5+ Kg8 24. Kh1 Nxe5 25. Re1 Qb5 26. c4 Bxc4 27. dxe5
Bxf2 28. Qxf2 Bxa2 29. Ba1 Bd5 30. Qxa7 Rf8 31. Qe3 Rf1+ 32. Kh2 Rxe1 33. Qxe1
Qd3 34. Qh4 Qe4 35. Qg3 Be6 36. Qc3 c6 37. Qc5 b5 38. Bc3 Bd5 39. Qf2 b4 40.
Bb2 c5 41. e6 Qxe6 42. Qxc5 Qe4 43. Qf2 1/2-1/2

[Event "22nd Honor to National Resistance"]
[Site "Nikaia"]
[Date "2014.08.30"]
[Round "5.5"]
[White "Kourkoulos-Arditis, Stamatis"]
[Black "Alexiadis, Hristos"]
[Result "1-0"]
[WhiteElo "2296"]
[BlackElo "2020"]
[PlyCount "77"]
[EventDate "2014.08.26"]

1. e4 c5 2. Nf3 d6 3. d4 Nf6 4. Nc3 cxd4 5. Nxd4 a6 6. Be2 e5 7. Nb3 Be7 8. O-O
O-O 9. Be3 Be6 10. Nd5 Nbd7 11. Qd3 Bxd5 12. exd5 Rc8 13. c4 a5 14. Rac1 b6 15.
f4 exf4 16. Rxf4 Ne5 17. Qd2 Nfd7 18. Rff1 Nc5 19. Nd4 g6 20. Bh6 Re8 21. Qf4
Bf8 22. Rc3 Qe7 23. Bg5 Qc7 24. Bf6 Ncd7 25. Bg5 Qc5 26. Qf2 Bg7 27. Be3 Qc7
28. Nb5 Qb8 29. Bf4 f5 30. b3 Nf6 31. Rh3 Nf7 32. Bd3 Re7 33. Qg3 Ng4 34. Qh4
Nf6 35. Bxf5 gxf5 36. Rg3 Kh8 37. Nd4 Ne5 38. Nxf5 Ng6 39. Rxg6 1-0

[Event "22nd Honor to National Resistance"]
[Site "Nikaia"]
[Date "2014.08.30"]
[Round "5.6"]
[White "Kouskoutis, Georgios-Alexandros"]
[Black "Papasimakopoulos, Alexandros"]
[Result "0-1"]
[WhiteElo "1981"]
[BlackElo "2270"]
[PlyCount "144"]
[EventDate "2014.08.26"]

1. e4 e6 2. d4 d5 3. Nd2 Nf6 4. e5 Nfd7 5. f4 c5 6. Ngf3 Nc6 7. Nb3 f6 8. exf6
Qxf6 9. dxc5 Nxc5 10. c3 Nxb3 11. axb3 Bc5 12. b4 Bb6 13. Bb5 O-O 14. Qe2 Bd7
15. Bxc6 Bxc6 16. b5 Be8 17. Ne5 Qh4+ 18. g3 Qh3 19. Bd2 Rc8 20. O-O-O d4 21.
Kb1 Qf5+ 22. Ka1 Qc2 23. Rc1 Qa4+ 24. Kb1 dxc3 25. Bxc3 Bxb5 26. Qc2 Rfd8 27.
Rhd1 Rd5 28. Qxa4 Bxa4 29. Rxd5 exd5 30. Nf3 Bb5 31. Re1 Bd3+ 32. Ka2 Be4 33.
Ng5 Bg6 34. Nf3 Re8 35. Rxe8+ Bxe8 36. Nd4 Bd7 37. Kb3 Kf7 38. Kc2 g6 39. Kd3
a6 40. b3 Bf5+ 41. Kd2 Ke7 42. Kd1 Kd6 43. Kd2 a5 44. Bb2 Bd7 45. Kd3 Bc5 46.
Bc3 b6 47. Nf3 Bf5+ 48. Kd2 Kc6 49. Nd4+ Kb7 50. Nf3 Ka6 51. Nd4 b5 52. Kd1
Bg4+ 53. Kd2 Bd7 54. Kd3 b4 55. Bb2 Bf5+ 56. Kd2 Bg4 57. Kc2 h6 58. Ba1 Bd7 59.
Bb2 a4 60. bxa4 Bxa4+ 61. Kd3 Bd7 62. Ba1 Bf5+ 63. Nxf5 gxf5 64. h3 h5 65. Be5
Kb5 66. g4 fxg4 67. hxg4 hxg4 68. f5 Kc6 69. f6 Kd7 70. Bg3 Ke6 71. Bh4 Bg1 72.
Kc2 Bd4 0-1

[Event "22nd Honor to National Resistance"]
[Site "Nikaia"]
[Date "2014.08.30"]
[Round "5.7"]
[White "Alexakis, Dimitrios"]
[Black "Giannoulakis, Labros"]
[Result "1-0"]
[WhiteElo "2221"]
[BlackElo "1970"]
[PlyCount "88"]
[EventDate "2014.08.26"]

1. e4 c5 2. Nf3 d6 3. d4 Nf6 4. Nc3 cxd4 5. Nxd4 a6 6. Bc4 e6 7. Bb3 Nbd7 8.
Qe2 Nc5 9. g4 b5 10. g5 Nfd7 11. Be3 Bb7 12. f3 Qa5 13. Qd2 b4 14. Nce2 d5 15.
exd5 Nxb3 16. cxb3 Bxd5 17. O-O Be7 18. Rac1 O-O 19. Nf4 Bd6 20. Nc6 Bxc6 21.
Rxc6 Bxf4 22. Bxf4 Qf5 23. Qxb4 Rac8 24. Rxc8 Rxc8 25. Qe4 Qb5 26. Rd1 e5 27.
Be3 Nf8 28. Qd3 Qb4 29. a3 Qb7 30. Qd5 Qe7 31. b4 Re8 32. Qe4 g6 33. Rd5 f5 34.
gxf6 Qxf6 35. Bh6 Qb6+ 36. Be3 Qe6 37. a4 Nd7 38. Qd3 e4 39. Qxe4 Qf7 40. Qd4
Nf6 41. Rd8 Qe6 42. Rxe8+ Qxe8 43. b5 axb5 44. axb5 Nd7 1-0

[Event "22nd Honor to National Resistance"]
[Site "Nikaia"]
[Date "2014.08.30"]
[Round "5.8"]
[White "Fessas, Prokopios"]
[Black "Karagiannis, Athanasios"]
[Result "0-1"]
[WhiteElo "1981"]
[BlackElo "2214"]
[PlyCount "94"]
[EventDate "2014.08.26"]

1. Nf3 d5 2. d4 c6 3. c4 dxc4 4. e3 Bf5 5. Bxc4 e6 6. O-O Nf6 7. Nc3 Bb4 8. Bd2
O-O 9. a3 Bd6 10. Re1 Ne4 11. Nxe4 Bxe4 12. Bc3 Nd7 13. Nd2 Bg6 14. e4 e5 15.
d5 Qe7 16. dxc6 bxc6 17. b4 Rfd8 18. Qe2 Nf8 19. Rac1 Bc7 20. Nb3 Ne6 21. Bxe6
Qxe6 22. Nc5 Qe7 23. Bd2 a5 24. Nb7 Rd4 25. f3 Bb6 26. Nc5 axb4 27. Bxb4 Rad8
28. Kh1 Qg5 29. Rcd1 h5 30. Nb3 Rxd1 31. Rxd1 Rxd1+ 32. Qxd1 Qe3 33. Ba5 Ba7
34. Bc7 f5 35. Bxe5 fxe4 36. Bd4 Bxd4 37. Nxd4 c5 38. Qb3+ Qxb3 39. Nxb3 e3 40.
Kg1 c4 41. Nc1 Kf7 42. Kf1 Bd3+ 43. Ke1 Ke6 44. Ne2 Ke5 45. a4 Bxe2 46. Kxe2
Kd4 47. a5 c3 0-1

[Event "22nd Honor to National Resistance"]
[Site "Nikaia"]
[Date "2014.08.30"]
[Round "5.9"]
[White "Sidiropoulos, Nikolaos"]
[Black "Kouvatsos, Filippos"]
[Result "1/2-1/2"]
[WhiteElo "1923"]
[BlackElo "2157"]
[PlyCount "43"]
[EventDate "2014.08.26"]

1. e4 c6 2. c4 d5 3. cxd5 cxd5 4. exd5 Nf6 5. Qa4+ Nbd7 6. Bc4 g6 7. Nc3 Bg7 8.
Nf3 O-O 9. O-O a6 10. Qa3 Nb6 11. Qb3 Nxc4 12. Qxc4 b5 13. Qc5 Bb7 14. d4 Nxd5
15. Bg5 Rc8 16. Nxd5 Bxd5 17. Qxe7 Qb6 18. Ne5 Qxd4 19. Nd7 Rfe8 20. Nf6+ Bxf6
21. Qxf6 Qxf6 22. Bxf6 1/2-1/2

[Event "22nd Honor to National Resistance"]
[Site "Nikaia"]
[Date "2014.08.30"]
[Round "5.10"]
[White "Michelakos, Panagiotis"]
[Black "Papakonstantinou, Dimitrios"]
[Result "1-0"]
[WhiteElo "2146"]
[BlackElo "1947"]
[PlyCount "75"]
[EventDate "2014.08.26"]

1. d4 Nf6 2. c4 e6 3. Nf3 Bb4+ 4. Bd2 Qe7 5. g3 Nc6 6. Bg2 O-O 7. O-O Bxd2 8.
Nbxd2 d6 9. e4 e5 10. d5 Nb8 11. Ne1 Bg4 12. f3 Bd7 13. Nd3 c6 14. b4 cxd5 15.
cxd5 Bb5 16. Qb3 Nbd7 17. a4 Bxd3 18. Qxd3 a5 19. Qb5 axb4 20. Nc4 Nc5 21. Qxb4
Ra6 22. a5 Nfd7 23. Bh3 g6 24. Bxd7 Qxd7 25. Nxe5 Qc7 26. Ng4 f6 27. Qc3 Qg7
28. Ne3 Rc8 29. Rfb1 Qf8 30. Qd4 Qe7 31. Nc4 Kg7 32. Ra3 Rca8 33. Re3 Rxa5 34.
Nxa5 Rxa5 35. f4 Ra4 36. Rb4 Rxb4 37. Qxb4 Qc7 38. Kg2 1-0

[Event "22nd Honor to National Resistance"]
[Site "Nikaia"]
[Date "2014.08.30"]
[Round "5.11"]
[White "Spyropoulos, Nikolaos"]
[Black "Panagiotakos, Nikolaos"]
[Result "0-1"]
[WhiteElo "1594"]
[BlackElo "2146"]
[PlyCount "60"]
[EventDate "2014.08.26"]

1. e4 e5 2. Nf3 Nc6 3. d4 exd4 4. Nxd4 Bc5 5. Nxc6 Qf6 6. Qd2 dxc6 7. Bd3 Be6
8. O-O O-O-O 9. Qf4 Bd4 10. Nc3 Bxc3 11. bxc3 Qxc3 12. Bd2 Qf6 13. Qe3 Kb8 14.
Rab1 Qe7 15. Bb4 Qd7 16. a4 Nf6 17. Bc5 Ka8 18. Bxa7 Ng4 19. Qc5 Qd6 20. Qxd6
Rxd6 21. Bc5 Rd7 22. f4 b6 23. Bb4 f6 24. a5 Ne3 25. Rfe1 Nc4 26. axb6 cxb6 27.
Bc3 Kb7 28. Rb4 b5 29. Reb1 Na3 30. Bb2 Nxb1 0-1